Fázová štruktúra a vlastnosti zmesných vlákien na báze polypropylénu a polyesteru

Gespeichert in:
Bibliographische Detailangaben
1. Verfasser: Körmendyová, Eva
Format: Buch
Sprache:Slowakisch
Veröffentlicht: Bratislava STU FCHPT v Bratislave 2005
Online-Zugang:Im OPAC anzeigen
Tags: Tag hinzufügen
Keine Tags, Fügen Sie das erste Tag hinzu!

MARC

LEADER 00000nam a2200000 a 4500
005 20260127134007.0
008 060215 2005 si 000 0 slo d
035 |a vtls008622946 
039 9 |a 200602151123  |b mschk03  |y 200602151121  |z mschk03 
040 |a STUSCHK1  |b slo  |c STUSCHK1  |e AACR2 
100 1 |a Körmendyová, Eva 
245 1 |a Fázová štruktúra a vlastnosti zmesných vlákien na báze polypropylénu a polyesteru 
260 |a Bratislava  |b STU FCHPT v Bratislave  |c 2005 
300 |a 98 s. 
500 |a Katedra vlákien a textilu 
500 |a Obháj.: 30.6.2005 na STU FCHPT v Bratislave 
910 |a SCHK95 
999 |c 1695  |d 1695